Quizzes
Events
Quiz Creation
Community
Videos
Private Events
Remove Ads
Sign In
Join for FREE
Feedback
Dark Mode
Quiz Categories
Sports
Geography
Music
Movies
Television
Just For Fun
Miscellaneous
History
Literature
Language
Science
Gaming
Entertainment
Religion
Holiday
For Kids
Quiz Lab
Recent
Popular Today
Quiz Kudos Today
Editor Picks
Curator Picks
Quizzes by...
Day
Popularity
Type
Ratings
Length
Year
Community
Subscriptions
Recent Discussions
Orange Saloon
Badges
Playlists
Quests
Create
Leaderboards
Showdown
Live 5
Trivia Bingo
Activity
Puzzle Library
Sporcle Events
Private Events
Virtual Trivia
Globe League
Become a Host
Pub Owners
SporcleCon
Opinionation
Our Games
Videos
Blog
Mobile Apps
Partnerships
Remove Ads and Go Orange
Feedback
Entertainment
Celebrity
Famous
Musical
Broadway
Show
Quote
Comic Books
Anime
Superhero
DC Comics
Marvel
Cartoons
Animation
Entertainment
Celebrity
Famous
Musical
Broadway
Show
Quote
Comic Books
Anime
Superhero
DC Comics
Marvel
Cartoons
Animation
Random Quiz
Search Sporcle
×
Quiz Lab
Quiz Lab
Entertainment
Quote
Type in answers that appear in a list
Type in answers that appear in a list
Classic
Best Score? Go Orange.
Charlie Brown Comic Strip Quotes Stats
Can you name the Charlie Brown Comic Strip Quotes?
By
philthethrill
20m
196 Questions
79 Plays
79 Plays
79 Plays
Comments
Comments
Give Quiz Kudos
Give Quiz Kudos
-
- Ratings
hide this ad
Forced Order
Answers have to be entered in order
Answers have to be entered in order
Replay
Link that replays current quiz
Next Quiz
Link to next quiz in quiz playlist
You Got
0%
They Got
Avg Score
20%
Avg Friend Score
Upgrade to see
Score Distribution
Jump to the score distribution portion of the page
Score
0/196
Timer
20:00
0
Plays Today
Quote
Character Name
% Correct
I turned in my homework, big brother. You got all the answers wrong! The teacher asked what we should do. I suggested life imprisonment without chance of parole.
Sally
48.1%
As a big brother you're a total flop! I've lost all my respect for you. Nyah!
Sally
46.8%
The boys must be jealous of your space suit, Lucy.
Patty
44.3%
I wanna hear Three Mice Mice. I wanna hear Twinkle Twinkle Little Car. I wanna glass of wadder.
Lucy
43%
How much sharper than a serpent's tooth is a sister's nyah.
Charlie Brown
43%
You're nothing but a snip snap, tattle taling, pony tailed ape!
Lucy
43%
Yoo hoo! Catcher! What do ya do between innings? Yoo hoo! Pitcher! Tell the catcher that the girls in the outfield just voted him as the cutest thing this side of heaven!
Lucy
43%
For a mud sandwich, I get my ingredients from the sunny side of the yard.
Violet
40.5%
Patty, I can't make that mud sandwich. My shovel broke!
Violet
40.5%
I mean does life have any meaning after you've failed seven tests in a row and your teacher hates you?!
Sally
40.5%
It may interest you to know that piano players have strong fingers.
Schroeder
39.2%
All right men! To Mars!
Lucy
38%
That was sensational, Lucy! I thought you said you've never been on a slide before.
Charlie Brown
38%
The best way to get over a love affair is to eat a lot of goop.
Charlie Brown
38%
The moons of Saturn got in my eyes.
Lucy
38%
I've never seen anything like it. It opens and closes its eyes and says quack quack. I feel like a fool pulling it around.
Lucy
36.7%
How can you solve new math problems with an old math mind?
Linus
36.7%
You're a very naughty girl, Lucy. What do you say to that?
Patty
35.4%
I did have a good time, sweetie. And don't forget I bit the chaperone.
Snoopy
35.4%
Kiss her you blockhead!
Sally
35.4%
Ten to one they'll throw him in the slammer.
Lucy
34.2%
Lately my philosophy has been who cares? Or how should I know? What happens when our philosophy fails? We turn to that most desperate of ancient cries. Mom!
Sally
34.2%
Why do you always call me sir? What kind of dorky kid are you?
Peppermint Patty
34.2%
I'll be right there, Shermy. I just have to tend to the hound. Here you go pooch. I had to give the mutt his supper.
Charlie Brown
34.2%
Snoopy's on the other side of the door, and I'm eating this candy just to spite him. There's only one problem. Spite candy doesn't taste very good.
Charlie Brown
34.2%
1X1 is 1.2x2 is tooty two. 3x3 is threety three. And 4x4 is four forty forty four.
Sally
34.2%
It's a book on first aid, Marcie. Ah. Here's the chapter I was looking for. What to Do in Case of Stupidity.
Peppermint Patty
34.2%
The world is going crazy and my sister is starving to death!
Charlie Brown
34.2%
I just don't want to break his arm or his shank or whatever you call it.
Lucy
32.9%
That's what you think, niblickhead! Women's golf is on the upswing. Hit it by a mile sir!
Marcie
32.9%
There goes good ol' Charlie Brown. Good ol' Charlie Brown, yes sir. How I hate him.
Shermy
32.9%
I'm sorry manager. Your graceful movements on the mound lulled me to sleep.
Lucy
32.9%
The Red Baron says he cannot come to destroy you. So he sent along his assistant. The Pink Baron.
Marcie
31.6%
*Shudder* He was eating animal cookies and and smiling.
Snoopy
31.6%
Any vulture on my snowman gets clobbered.
Lucy
31.6%
Here's my term paper, Ma'am. Please judge it with mercy. Treat it as if it was a newborn baby. Which it is because I just wrote it this morning.
Peppermint Patty
31.6%
Every year it's the same. Girls in stadium boots.
Shermy
30.4%
This is the World War I flying ace. He always comes every night to my little French café to foget about the war.
Marcie
30.4%
Did you hear that monsieur flying ace of World War I? The Red Baron is coming to this little French café to punch your lights out.
Marcie
30.4%
Mmmmmm. Chocolate creams. Ack ptooey. With a little bit of coconut.
Charlie Brown
30.4%
Write your homework on a doughnut. I'll eat it.
Snoopy
30.4%
There's Charlie Brown's little sister. She's walking! She's walking!
Linus
30.4%
I'd better show Spike how to have a good time. These infantry types aren't appealing to the lasses as we gallant flying aces.
Snoopy
30.4%
Would Mademoiselle care for 1/
8 of a doughnut?
Snoopy
30.4%
You're a 14k blockhead! No a babboon! You have a face like a goat!
Violet
29.1%
Am I buttering too loud for you?
Linus
29.1%
When did Mark Twain write Huckleberry Finn? If I knew him, most likely in the evenings.
Sally
29.1%
Dear reader. Thank you for your letter. Sincerely, Miss Helen Sweetstory. This is a form letter! You stupid beagle! Miss Sweetstory sent you a form letter!
Lucy
29.1%
I think it's a chocolate gyp cookie.
Charlie Brown
27.8%
Whenever you're feeling down, there's nothing like a few rounds of squeeze squash applesauce.
Snoopy
27.8%
It's that stupid janitor mopping the halls. It tickles!
school
27.8%
There isn't a single cracker in the house so I have to eat bare soup.
Charlie Brown
27.8%
I was jumping rope, and then all of a sudden it seemed so futile.
Sally
27.8%
Some people think we look cute with glasses, Sir. Besides if you wore glasses you'd look just like Elton John.
Marcie
27.8%
Sorry for sharing our intimate correspondence, Miss Sweetstory, but I need a sugar cookie.
Snoopy
27.8%
I think I got something out of those ribbons and fancy dresses Marcie. I got a better feeling of femininity and a better understanding of myself.
Peppermint Patty
27.8%
My grandfather thinks he's over the hill and around the bend, out of the swim and on the shelf.
Lucy
26.6%
Take a closer look kid and I'll drop a brick on you!
school
26.6%
Love me. Love my rubble.
school
26.6%
I know someone. He's an old timer. Good foundation.
school
26.6%
Charlie Brown, I have good news and bad news. The good news is that the bride and the best man are here. The bad news is they ran off together.
Lucy
26.6%
I've been disgraced for life. They say it's never happened before. I've just been expelled from nursery school.
Lucy
26.6%
The principal wants to talk to me. Why me? I'm nobody. I don't even have a dog.
Rerun
26.6%
If this soup tastes like water, that's what it is.
Patty
25.3%
Treat her nicely kid. I'm the jealous type.
school
25.3%
Serfs had to work very hard. Every morning their boss would call 'Serfs up!' Well I bet they would say that in California.
Sally
25.3%
Quote
Character Name
% Correct
Winter vacation reading report. I read everyday, and you know what I read? A cereal box!
Peppermint Patty
25.3%
I missed the ball, Charlie Brown, but the ground caught it. Good catch ground!
Lucy
25.3%
I look at the jewelery store across the street. She has nice awnings.
school
24.1%
This is my report on A Tale of Two Cities. Saint Paul and Minneapolis are...
Peppermint Patty
24.1%
Maybe we can run away to Paris. If we fly by night, we'll be in Paris by the morning.
Rerun
24.1%
This girl in my school was kinda depressed, see? And I told her we could run away to Paris. I don't even know where Paris is.
Rerun
24.1%
We prairie dogs are very affectionate!
Snoopy
24.1%
If I were a camel, sweetie, I'd take you to the desert and leave you there.
Snoopy
24.1%
Fighting under the mistletoe? How unromantic. How gauche.
Schroeder
22.8%
I feel like a can of mace.
Snoopy
22.8%
This will look even better. Greatest fisherperson holding freshly caught frozen fish sticks.
Marcie
22.8%
I can't go to school. The guards will hate me.
Rerun
22.8%
A pizza would taste good right about now.
Snoopy
22.8%
Happiness is coming home from the hospital.
Snoopy
22.8%
Let me put it this way. How does it feel deep down in your little heart of hearts that you will never be a hero?
Lucy
22.8%
At first I wanted to be an only child. You spoiled that, you know that? Then I thought it would be nice to have a sister. So what happens? I get another brother. A rerun!
Lucy
22.8%
If we have to hear about Dick and Jane again, I'm going to go crazy. Ma'am? I think the class would be interested in how Anna Karenina ducks under the train.
Rerun
21.5%
I could rule the whole world from under my bed.
Rerun
21.5%
The moon is over Hollywood so just follow the moon.
Snoopy
21.5%
When lost one can do one of two things. One can calmly look at the map and try to find one's way, or one can panic. I think I'll panic. Aaugh!
Snoopy
21.5%
There's a rabbit! Chase it! Chase it! You let it get away on purpose! I'm going to report you to the Head Beagle!
Frieda
21.5%
Awake! Awake! There's a herd of rabbits coming this way! You're the only one in the world who can save us!
Frieda
21.5%
Isn't this great Chuck? Good old fashioned down in the dirt football.
Peppermint Patty
21.5%
You decided to call her Sally? That's a good name. Sally is cute and innocent. Like the name Lucy.
Lucy
21.5%
I always color the sky blue.
Snoopy
20.3%
I learned something too. I'll never be Andrew Wyeth.
Rerun
20.3%
You were blocking the plate, sweetie. Here. I could only find one shoe.
Snoopy
20.3%
I'm a father! No my dad is a father! I'm a brother! I have a little sister!
Charlie Brown
20.3%
My dad got me this new helmet. He said girls can be just as good in sports as boys. I tried it in the pool and I almost drowned.
Marcie
20.3%
No Ma'am I can't see the question on the blackboard. But don't despair, Ma'am. I'm eating carrot cake. Just a mid-
morning snack. Carrots are good for your eyes.
Peppermint Patty
20.3%
Lucy, did you take Linus's cookie?
Lucy's mom
19%
Ha! His kind is only worth a dime a dozen.
Charlie Brown
19%
Well Schroeder I see you're Bach. Where've you been? Haydn?
Charlie Brown
19%
What am I, a new feminist, doing in right field? Why do I have to take orders from that stupid manager? I'm just as good as he is.
Lucy
19%
This piece is called Music for Skinned Knees.
Schroeder
19%
I took your advice, big brother. I worried. I worried about how you're dumb and how your kids will all be dumb. Well I'm tired so I'm going to bed.
Sally
19%
Who do you think I am? Crocodile Dundee
Snoopy
17.7%
I'm not skinny. I'm trim.
Spike
17.7%
This one guy asks the conductor if he can play the Hallelujah Chorus and he says 'Oh I can Handel it.'
Charlie Brown
17.7%
My grandmother always said 'laugh in the morning, cry before bed'. Usually when I'm in a good mood, something bad always happens.
Charlie Brown
17.7%
Hey manager. We can't lose today. See? I have gloves on my hands and my feet.
Lucy
17.7%
Actually I lost to a left handed St. Bernard.
Snoopy
16.5%
Snoopy thinks he's so great. That's why I'm getting a cat. He needs to be brought down a few notches!
Frieda
16.5%
We win by default!
Crybaby Boobie
15.2%
Only three years old and already I'm being forced to go commercial.
Schroeder
15.2%
Oh to be at Wimbledon now that spring is here.
Snoopy
15.2%
I've heard of mixed doubles but this is ridiculous. All right partner let's get one thing straight. I hate to lose. I'll make all the line calls and you guard the alley.
Molly Volley
15.2%
I hope this movie isn't going to have a lot of throwing up. I'm not going to spend money to watch some stupid person throw up.
Sally
15.2%
You think you're so great. You know what I'm going to do? I'm going to get a cat.
Frieda
15.2%
Happiness is having your own library card.
Sally
15.2%
This my dear Charlie Brown is real fudge, not mud! And I wouldn't give it to you even if you were starving to death!
Violet
15.2%
Last night I saw a guy play the piano with his nose.
Charlie Brown
13.9%
The chocolate chip cookies won in straight sets.
Snoopy
13.9%
It was out! It was out by forty feet! What's the matter with you? Can't you see?
Molly Volley
13.9%
When you hit a volley it's supposed to go thong not blap! Blap, good grief.
Molly Volley
13.9%
I'm in the zone kid. We might win if my partner doesn't blap any more put aways. You're not going to blap any more put aways are you partner?
Molly Volley
13.9%
You see that fat lady over there? She's come here to make sure her darling son gets good calls. She hates me. She knows that when I play all the calls will be in centimeters.
Molly Volley
13.9%
Look who we're playing, partner. Cry Baby Boobie and Bad Call Benny. Crybaby Boobie complaigns about everything and Bad Call Benny calls everything out.
Molly Volley
13.9%
I'm no good with names. Did he say 5 or V?
Snoopy
13.9%
I bought Snoopy to the park so that he could frolic. And if I walk that far for a dog, he'd better frolic!
Charlie Brown
13.9%
If you were my conscience Marcie, I'd have you transferred.
Peppermint Patty
13.9%
My dad took me to a baseball game last night and we got two hot dogs. One of them was still in my pocket.
Pig Pen
12.7%
Out! What do you mean are we sure? We called it out didn't we? Every ball that you've hit has been out, and every ball that we've hit has been in!
Molly Volley
12.7%
Where's the ball? I lost it in the sun! Hey parner. Did you see where it went? Hey partner! Don't just stand there! You make the call! Was it out or was it in?
Molly Volley
12.7%
Come back! Maybe there won't be any throwing up. Maybe there'll just be killing.
Sally
12.7%
I'm going home. This neighborhood has me in shock. I don't mind the dog with the goggles or the girl in the booth, but that stuff about the Great Pumpkin. No sir.
Franklin
12.7%
Quote
Character Name
% Correct
We all need someone to kiss away our tears.
Snoopy
12.7%
Have you ever felt the sense of impending doom?
LInus
12.7%
All my memories of Miss Othmar are going up in chalk dust.
Linus
12.7%
Miss Othmar isn't feeling well. I'm bringing her something to make her feel better. A bowl of rain?
Linus
12.7%
Is this the Ace School for Gifted Children? I want to enroll. Do I think I'm gifted? Well I usually get a few gifts for birthdays and Christmas but that's about it.
Peppermint Patty
12.7%
If I were your conscience, Sir, I'd whip you into shape.
Marcie
12.7%
Well if it isn't fat legs Volley?
Bad Call Benny
11.4%
You hit my partner in the mouth!
Crybaby Boobie
11.4%
Careful with the tears please. You're melting my snowman.
Snoopy
11.4%
I want to go to the library and they won't let Farore in.
Frieda
11.4%
We're wearing down the Earth! Everyone get off the ground! Stay on the sidewalk!
Lucy
11.4%
They can't fire Miss Othmar! She has her own tenure! She has her own parking place!
Linus
11.4%
They can't fire Miss Othmar! I'm going to blow this thing wide open! I'm going to write to someone who understands! How does one go about writing a letter to the apostle Paul?
Linus
11.4%
Today we read the letters from the apostle Paul. I feel bad reading someone else's mail.
Linus
11.4%
There's Miss Othmar. She's holding her sign. She's fallen to her knees!
Linus
11.4%
I wonder if chalk dust would show up on an x-
ray.
Charlie Brown
11.4%
I was doing things to make my dog happy, but instead I happied him to the vet.
Charlie Brown
11.4%
I think every child should be given a dog and a banjo. Yes, Ma'am. We're talking happiness here.
Charlie Brown
11.4%
I'm so depressed. Even my cold cereal doth taste like wormwood.
Linus
11.4%
Misunderstanding? But isn't this the Ace School for Gifted Children? Aren't you going to fill my bag with gifts?
Peppermint Patty
11.4%
That's not a map! That's an ad for dog food!
Marcie
10.1%
Prairie dogs ran off with the covered wagon.
Lucy
10.1%
For $20 they should pierce your ears, check your eyes and cure your asthma.
Peppermint Patty
10.1%
That's the way it goes. Replace one worry with another.
Charlie Brown
10.1%
Don't forget the egg shells!
Lucy
10.1%
Now I know what he was talking about. I've turned into a pillar of chalk dust.
Charlie Brown
10.1%
I have some things to do today, Lucy. You know? Ordinary things that have to do with living. And I was wondering if I could use some of your year.
Linus
10.1%
Want to sing this petition to remove the jets from our city?
Linus
10.1%
Sign this please. It absolves me from all blame. Thank you.
Lucy
10.1%
Perhaps you'd like to invest in some real estate near Needles. My card.
Spike
10.1%
Ma'am. I'm no good at multiple choice. It's like giving a starving man a menu.
Peppermint Patty
10.1%
Dear Mom and Dad. I'm lonesome.
Sophie
8.9%
Ah a child in a flowery meadow. Let's see 'Kind auf die Blumenwiese. Guten Tag Kind auf die Blumenwiese.
Snoopy
8.9%
That bug is cuter than the others. I wonder why. She's wearing eye shadow!
Snoopy
8.9%
Life is like an ice cream cone. You have to learn to lick it.
Charlie Brown
8.9%
Ha ha! Boy what a gaudy outfit! I wouldn't be caught in a dogfight wearing that!
Charlie Brown
8.9%
Separation of church and state? No I've never heard of separation of church and state. But if that kid comes with his rocket launcher, I'll separate his head from his neck!
Sally
8.9%
Trampoline!
Clara
7.6%
I've formed a new habit over changeover. Have a chocolate chip cookie.
Molly Volley
7.6%
This is your ball isn't it? Take it and run for home.
Charlie Brown
7.6%
EVERYONE SAYS I TALK TOO LOUD. DO I SOUND LOUD TO YOU?
Charlotte Braun
7.6%
Have any of you heard of arachibutyrophobia? This is the fear of peanut butter sticking to the roof of your mouth and may be a beautiful excuse to miss school someday.
Sally
7.6%
Years are like candy bars. We're paying more but they're getting shorter.
Charlie Brown
7.6%
Make one mistake and you regret it for the rest of your life.
Snoopy
7.6%
I think a music box is the most romantic gift a boy can give to a girl.
Girl who keeps changing her name
6.3%
Don't cure me. This is a good life.
Spike
6.3%
Lucy couldn't make it so I'm taking her place. Don't worry. She told me everything I need to know. Throw the ball over the plate you blockhead!
Rerun
6.3%
I found out why camels can last so long in the desert without water. It has something to do with their big noses.
Charlie Brown
6.3%
Don't get too close. You might step on my shoes or smudge my turtleneck.
Joe Richkid
5.1%
Last time we were going someplace he told us the North Star is over Minneapolis.
Olaf
5.1%
So who wants to win an Ugly Dog Contest? She gets the trophy. What do I get? The use of this bone for a year.
Olaf
5.1%
I won! I won the championship! Hey Mom! I won! Mom! I think that dog kicked me!
Crybaby Boobie
5.1%
This will be a great shot. Greatest fisherperson without a lake.
Marcie
5.1%
He walks. He talks. He says Mama.
Snoopy
5.1%
Maybe Thomas Woolfe was right. 'You can never go home again.'
Poochie
3.8%
My dad says we have so many numbers lately that we are slowly losing our identity. That's why he decided that each of us should have a number instead of a name.
5
3.8%
In the Bible it says you can pray without ceasing. I wonder if you can pray without velcro.
Charlie Brown
3.8%
I see you've met our drill seargeant. Don't worry. Her bark is worse than her bite.
Linus
3.8%
Sure. I'm drowning and my partner is eating cookies.
Peppermint Patty
2.5%
We found out what is wrong with you. Everything.
Naomi
1.3%
What are you trying to do? Ruin my afterlife?
Royanne
0%
I must admit I know nothing about swimming. Is your head supposed to be above or below water?
Conrad
0%
You're beautiful Miss Marcie. You should be a model.
Conrad
0%
You're not very nice. Are you on some kind of medication?
Llyod
0%
Quiz Playlist
Details
Report
Send in Message
Add To Playlist
Classic:
Type in answers that appear in a list
Forced Order:
Answers have to be entered in order
Last Updated: Feb 16, 2017
Quiz Scoreboard
CHALLENGE
Sign Up to Join the Scoreboard
Show All
Scores
Hide
Comments
May contain spoilers
Recently Published
Movies - When Are They Set?
by FPL_Elf
Movies
5m
Popular People in 1961
by mucciniale
History
6m
1-10 Letter E Words III
by El_Dandy
Language
2m
More to Explore
Quiz From the Vault
Featured Blog Post
Where Did the Easter Bunny Come From?
hide this ad
You Might Also Like...
Tags
Comic Books Quiz
Quote Quiz
Brown
Character
charlie
Charlie Brown
Comic Strips
strip
Today's Top Quizzes in Entertainment
Browse Entertainment
hide this ad
Today's Top Quizzes in Quote
Browse Quote
Top Contributed Quizzes in Entertainment
1
Kamen Rider Motifs
2
Dragon Ball Z: Goku's Fights in Order
3
Dragon Ball Z: Mega Character Search
4
One Piece Arcs By Order III
5
Survivor Winners Logic Quiz
6
Undead Unluck Minefield
7
Criteria Quickie: Cartoon Taxonomy II
8
Marvel Characters Bunker
9
Who Wants to Be a Millionaire: Anime Edition
10
Demon Slayer 11-1
Explore More
Trending Topics
Disney
Marvel
NBA
Harry Potter
Crossword
Anime
Kpop
Soccer
NFL
WWE
Song
Puzzle
Pokémon
The Office
Country
hide this ad
More By:
philthethrill
Quiz
Plays
Rating
Category
Featured
Created
Keeping up Appearances Quotes
592
3.60
Television
Feb 15, 2010
Disney Songs
518
Movies
Mar 14, 2010
I Love Lucy Quotes
461
1.00
Television
May 31, 2011
Disney Quotes
334
1.67
Movies
Mar 9, 2010
Charlie Brown Quotes
224
2.00
Television
Mar 2, 2010
Go to Creator's Profile
Score Distribution
Quiz Creator Spotlight
philthethrill
Follow
Send a Message
Quizzes Created
-
Created Quiz Play Count
-
More By This Creator
Popular Quizzes Today
1
Find the US States - No Outlines Minefield
2
Find the Countries of Europe - No Outlines Minefield
3
The Countries of the World
4
Popular People in 1961
5
1-10 Letter E Words III
6
US States
7
Find the US States
8
One Thing in Common: World Cities II
More Entertainment Quizzes
Superheroes by Car Seat Covers
Editor's Pick
Trending Quizzes
Risky Map Clicking: Least Populous States A-Z
1-10 Letter F Words
Humor Books: The Subtitles
1-10 Letter G Words
One Thing in Common: United Kingdom
Recently Updated
Leaping Animals
pecheneg
Reality TV Shows (A-Z)
bhenderson79
Rickey Henderson's Hall of Fame Teammates
pecheneg
Champions League XIs: Arsenal
pecheneg
Quick Pick: Celebrities in WWE's Hall of Fame
aduchscher
A-Z Keypad Blitz II
pecheneg
Multiple Oscar Actors
pecheneg
Mystery Phrase Blitz: Oscar 'Best Actors'
pecheneg
F. Scott Fitzgerald Novels
LTH
Pick 3 Villains
ddd62291
Trending Topics
Disney
Anime
Kpop
NBA
Harry Potter
Crossword
Marvel
Song
Soccer
NFL
The Office
Pokémon
Country
Puzzle
WWE
Your Account Isn't Verified!
In order to create a playlist on Sporcle, you need to verify the email address you used during registration. Go to your
Sporcle Settings
to finish the process.
Report this User
Report this user for behavior that violates our
Community Guidelines
.
Details:
Send Report
Go to the Sporcle.com Mobile Site →
Comments